000 01121nam a2200193 4500
001 132114
003 ES-MaACL
005 20250901211248.0
007 t|
008 070214s1973 sp r ||||1| spa d
100 1 _aRodríguez Sastre, Antonio.
_998816
245 1 4 _aLas ofertas públicas de adquisición de valores mobiliarios
_b: texto de la conferencia pronunciada por el Dr. D. Antonio Rodríguez Sastre en el salón de actos de la Escuela Universitaria de Estudios Empresariales de Valladolid, el día 31 de enero de 1973 ; el acto fue organizado por la Escuela Universitaria de Estudios Empresariales, en colaboración con la Cámara Oficial de Comercio e Industria de Valladolid /
_cAntonio Rodríguez Sastre.
260 _aValladolid :
_bServicio de Publicaciones de la Cámara Oficial de Comercio e Industria de Valladolid,
_c1973.
300 _a96 p. ;
_c21 cm.
710 2 _aCámara Oficial de Comercio e Industria de Valladolid
_92387
710 2 _aUniversidad de Valladolid.
_bEscuela Universitaria de Estudios Empresariales.
_97342
852 _aES-MaACL
_jC-52487
_bR.85763
999 _c132114
_d132114